Planning and access to information part 1 (Record no. 75599)

MARC details
000 -LEADER
fixed length control field 01163cab a2200229 4500
001 - CONTROL NUMBER
control field L130399
008 - FIXED-LENGTH DATA ELEMENTS--GENERAL INFORMATION
fixed length control field 050725n2005 000 0 eng u
035 ## - SYSTEM CONTROL NUMBER
System control number (Sirsi) u130399
041 ## - LANGUAGE CODE
Language code of text/sound track or separate title eng
100 ## - MAIN ENTRY--PERSONAL NAME
Personal name Jones, Gregory
245 ## - TITLE STATEMENT
Title Planning and access to information part 1
260 ## - PUBLICATION, DISTRIBUTION, ETC.
Date of publication, distribution, etc. 2005
490 ## - SERIES STATEMENT
Series statement Planning in London
Volume/sequential designation (54) July 2005, 12-14(3), 21-23(3)
520 ## - SUMMARY, ETC.
Summary, etc. The first of three articles explaining the effect of the Freedom of Information Act 2000 (FOI) addresses the scope of the Environmental Information Regulations 2004 (EIR), their relationship with the Aarhus Convention, Directive 2003/4/EC on public access to environmental information and the FOI. Outlines the Aarhus convention and discusses its implementation. Asserts that it would be a mistake to assume that Directive 2003/4/EC was simply an Aarhus product. Considers the relationship between the EIR and the FOI.
590 ## - LOCAL NOTE (RLIN)
Local note IKA020805
650 ## - SUBJECT ADDED ENTRY--TOPICAL TERM
Topical term or geographic name entry element FREEDOM OF INFORMATION ACT 2000
650 ## - SUBJECT ADDED ENTRY--TOPICAL TERM
Topical term or geographic name entry element ENVIRONMENTAL INFORMATION REGULATIONS 2004
650 ## - SUBJECT ADDED ENTRY--TOPICAL TERM
Topical term or geographic name entry element AARHUS CONVENTION
650 ## - SUBJECT ADDED ENTRY--TOPICAL TERM
Topical term or geographic name entry element DIRECTIVE2003/4/EC
690 ## - LOCAL SUBJECT ADDED ENTRY--TOPICAL TERM (OCLC, RLIN)
Topical term or geographic name as entry element Planning and development
9 (RLIN) 6259
942 ## - ADDED ENTRY ELEMENTS (KOHA)
Suppress in OPAC 0
Holdings
Withdrawn status Lost status Source of classification or shelving scheme Damaged status Not for loan Home library Current library Shelving location Date acquired Total Checkouts Full call number Barcode Date last seen Copy number Price effective from Koha item type
    Dewey Decimal Classification     London London Journal article 25/07/2005   L130399 130399-1001 06/08/2019 1 06/08/2019 Journal article